000 00941nam a22003017a 4500
003 CHAP
005 20220817042610.0
008 971013s1980 r 00010 d
010 _a49350
011 _a50322
035 _a54472
040 _cCHAP
082 _a636.08
_bR62
100 0 0 _aRobertson, Alan.
_997947
245 _aSelection experiments in laboratory and domestic animals
260 _aSlough :
_bCommonwealth Agricultual Bureaux,
_c1980
300 _a245 p.
_b; gráfs.
590 _aBATCH-UPD
_b10
_c20130110
_lUCH01
_h0115
590 _aBATCH-UPD
_b10
_c20130110
_lUCH01
_h0726
590 _aBATCH-UPD
_b10
_c20130410
_lUCH01
_h0741
590 _aBATCH-UPD
_b10
_c20130914
_lUCH01
_h0337
590 _aCONVERSION
_b10
_c20130109
_lUCH01
_h1327
650 1 4 _aAnimales de laboratorio.
_95880
650 1 4 _aGenética animal.
901 _aBK
942 _cLIBRO
949 _a636.08 R62
_bBC
_cLIBRO
_d-120168
_eLIBRO
_h59038
_i54472
_sm
999 _c49350
_d49350